Marketing management : (Record no. 348765)

000 -LEADER
fixed length control field 00544 a2200169 4500
020 ## - INTERNATIONAL STANDARD BOOK NUMBER
International Standard Book Number 813171683X (paperback)
020 ## - INTERNATIONAL STANDARD BOOK NUMBER
International Standard Book Number 9788131716830 (paperback)
090 ## - LOCALLY ASSIGNED LC-TYPE CALL NUMBER (OCLC); LOCAL CALL NUMBER (RLIN)
-- 6401
-- 6401
245 00 - TITLE STATEMENT
Title Marketing management :
Remainder of title a south asian perspective.
250 ## - EDITION STATEMENT
Edition statement 13th ed.
260 ## - PUBLICATION, DISTRIBUTION, ETC.
Place of publication, distribution, etc. [S.l.] :
Name of publisher, distributor, etc. Pearson Prentice Hall,
300 ## - PHYSICAL DESCRIPTION
Extent 1 v. (unpaged)
490 1# - SERIES STATEMENT
Series statement International edition.
830 #0 - SERIES ADDED ENTRY--UNIFORM TITLE
Uniform title International edition.
856 40 - ELECTRONIC LOCATION AND ACCESS
Materials specified Amazon.com
Uniform Resource Identifier <a href="http://www.amazon.com/exec/obidos/ASIN/813171683X/chopaconline-20">http://www.amazon.com/exec/obidos/ASIN/813171683X/chopaconline-20</a>
942 ## - ADDED ENTRY ELEMENTS (KOHA)
Institution code [OBSOLETE] NBS
Koha item type Book
Call number prefix 658.8 KOT
Holdings
Withdrawn status Lost status Damaged status Not for loan Permanent Location Current Location Date acquired Total Checkouts Total Renewals Full call number Barcode Date last seen Date last checked out Price effective from Koha item type
        Central Library (CL) Central Library (CL) 08/28/2013 11 8 658.8 KOT NBS8657 02/19/2026 09/22/2023 08/28/2013 Book
© 2023 Central Library, National University of Sciences and Technology. All Rights Reserved.